20 años de historias y otras historias que apenas comienzan : (Registro nro. 6741)
[ vista simple ]
| 000 -LEADER | |
|---|---|
| fixed length control field | 01124nam a2200265 4500 |
| 003 - CONTROL NUMBER IDENTIFIER | |
| control field | OSt |
| 005 - DATE AND TIME OF LATEST TRANSACTION | |
| control field | 20200706105517.0 |
| 008 - FIXED-LENGTH DATA ELEMENTS--GENERAL INFORMATION | |
| fixed length control field | 200706b2014 ck o||gr|||| 00| 0 spa d |
| 020 ## - INTERNATIONAL STANDARD BOOK NUMBER | |
| International Standard Book Number | 9789589976678 |
| 040 ## - CATALOGING SOURCE | |
| Original cataloging agency | CO-JMCR |
| Transcribing agency | CO-JMCR |
| 041 0# - LANGUAGE CODE | |
| Language code of text/sound track or separate title | spa |
| 082 04 - DEWEY DECIMAL CLASSIFICATION NUMBER | |
| Edition number | 23 |
| Classification number | 070.40986139 / |
| Item number | N124l |
| 110 1# - MAIN ENTRY--CORPORATE NAME | |
| Corporate name or jurisdiction name as entry element | La nación |
| 9 (RLIN) | 6705 |
| 245 13 - TITLE STATEMENT | |
| Title | 20 años de historias y otras historias que apenas comienzan : |
| Remainder of title | 1994-2014 / |
| Statement of responsibility, etc. | La Nación ; textos Alfredo Rubio Godoy ; colaboradores Diana Fernanda Estrella Medina ; fotografías Gerardo Villegas Quiroz. |
| 246 31 - VARYING FORM OF TITLE | |
| Title proper/short title | Veinte años de historias y otras historias que apenas comienzan : |
| Remainder of title | 1994-2014 |
| 260 ## - PUBLICATION, DISTRIBUTION, ETC. | |
| Place of publication, distribution, etc. | Huila : |
| Name of publisher, distributor, etc. | Editora Surcolombiana, |
| Date of publication, distribution, etc. | 2014 |
| 300 ## - PHYSICAL DESCRIPTION | |
| Extent | 197 páginas : |
| Other physical details | ilustraciones, fotografías a color ; |
| Dimensions | 28 cm. |
| 650 14 - SUBJECT ADDED ENTRY--TOPICAL TERM | |
| Source of heading or term | Periodismo |
| Geographic subdivision | Colombia |
| Chronological subdivision | 1994-2014. |
| 9 (RLIN) | 6706 |
| 650 24 - SUBJECT ADDED ENTRY--TOPICAL TERM | |
| Source of heading or term | Historia Huila |
| Chronological subdivision | 1994-2014. |
| 9 (RLIN) | 6707 |
| 650 24 - SUBJECT ADDED ENTRY--TOPICAL TERM | |
| Source of heading or term | Huila |
| Geographic subdivision | Colombia |
| Chronological subdivision | 1994-2014. |
| 9 (RLIN) | 6706 |
| 700 1# - ADDED ENTRY--PERSONAL NAME | |
| Personal name | Rubio Godoy, Alfredo |
| Relator term | autor |
| 9 (RLIN) | 6708 |
| 700 1# - ADDED ENTRY--PERSONAL NAME | |
| Personal name | Estrella Medina, Diana Fernanda, |
| Relator term | colaboradora. |
| 9 (RLIN) | 6709 |
| 700 1# - ADDED ENTRY--PERSONAL NAME | |
| Personal name | Villegas Quiroz, Gerardo, |
| Relator term | fotógrafo. |
| 9 (RLIN) | 6710 |
| 942 ## - ADDED ENTRY ELEMENTS (KOHA) | |
| Source of classification or shelving scheme | Dewey Decimal Classification |
| Koha item type | Books |
| Withdrawn status | Lost status | Source of classification or shelving scheme | Damaged status | Not for loan | Home library | Current library | Shelving location | Date acquired | Source of acquisition | Cost, normal purchase price | Total Checkouts | Full call number | Barcode | Date last seen | Copy number | Price effective from | Koha item type |
|---|---|---|---|---|---|---|---|---|---|---|---|---|---|---|---|---|---|
| Dewey Decimal Classification | Biblioteca Pública José María del Castillo y Rada | Biblioteca Pública José María del Castillo y Rada | General Stacks | 04/15/2018 | Donación | 0.00 | 070.40986139 / N124l | 201809916 | 05/16/2024 | Ej.1 | 07/06/2020 | Books |